[Event "Juniorallsvenskan"]
[Site "?"]
[Date "2016.11.25"]
[Round "1.1"]
[White "Tuomainen, Felix"]
[Black "Storme, Isak"]
[Result "0-1"]
[WhiteElo "2172"]
[BlackElo "2184"]

1.d4 Nf6 2.c4 c5 3.d5 e6 4.Nc3 exd5 5.cxd5 d6 6.Nf3 g6 7.Bf4 a6 8.a4 Bg7 
9.Nd2 Nh5 10.Bg3 f5 11.e3 O-O 12.Be2 Nxg3 13.hxg3 Nd7 14.O-O Ne5 15.Nc4 
Nxc4 16.Bxc4 Bd7 17.Qe2 Qa5 18.Qc2 Qb4 19.Be2 b5 20.Rfb1 c4 21.Ra2 Qb3 22.
Qc1 Bxc3 23.Ra3 Bxb2 24.Qxb2 Qxb2 25.Rxb2 Rfb8 26.Rc3 Rc8 27.f3 Rc5 28.e4 
Re8 29.axb5 axb5 30.Ra2 fxe4 31.Ra7 exf3 32.Rxf3 Re7 33.Rc3 Rxd5 34.Bg4 
Bxg4 35.Rxe7 Rf5 36.Re4 h5 37.Ra3 Rf7 38.Rd4 Rd7 39.Ra8+ Kg7 40.Rb8 Rc7 
41.Rxb5 c3 42.Rb1 c2 43.Rc1 Rc6 44.Kf2 Kf6 45.Ke3 Bf5 46.Kd2 Kg5 47.Re1 
Rb6 48.Rc4 Rb3 49.Re3 Rb1 50.Re1 d5 51.Rc5 Kg4 52.Rc1 Kxg3 53.Rxd5 Rxc1 
54.Kxc1 Kxg2 55.Rd4 Kg3 0-1

[Event "Juniorallsvenskan"]
[Site "?"]
[Date "2016.11.25"]
[Round "1.2"]
[White "Svorono, Gabriel"]
[Black "Crevatin, Leo"]
[Result "1/2-1/2"]
[WhiteElo "2082"]
[BlackElo "2057"]

1.c4 Nf6 2.Nc3 c6 3.e4 e5 4.Nf3 Bb4 5.Qb3 Qe7 6.d3 Na6 7.a3 Ba5 8.Be2 h6 
9.O-O d6 10.Qc2 Bg4 11.b4 Bb6 12.Ne1 Bxe2 13.Qxe2 Bd4 14.Bb2 Nc7 15.Nc2 
Ne6 16.Qd1 Bb6 17.Na4 Bc7 18.Ne3 g6 19.g3 O-O-O 20.f4 exf4 21.gxf4 Rhg8 
22.Kh1 Nh5 23.Qg4 Kb8 24.Rad1 Rde8 25.e5 Nexf4 26.Rxf4 Nxf4 27.Qxf4 dxe5 
28.Qf2 f5 29.Nc5 Bd6 30.Nb3 f4 31.Ng2 g5 32.Nd2 g4 33.Ne4 h5 34.Re1 Bc7 
35.Nc5 b6 36.Na6+ Kb7 37.Nxc7 Qxc7 38.Nh4 Rg5 39.Re4 Qd6 40.d4 g3 41.hxg3 
fxg3 42.Qg2 Rd8 43.Nf3 Rf5 44.Rxe5 Rxe5 45.Nxe5 Qf6 46.b5 Qh4+ 47.Kg1 Qh2+
48.Qxh2 gxh2+ 49.Kxh2 cxb5 50.cxb5 a6 51.bxa6+ Kxa6 52.Kg3 Rc8 53.Kf4 h4 
54.Kg4 Rc2 55.Nd3 Kb5 56.Ba1 Ra2 57.Bb2 Kc4 58.Ne5+ Kd5 59.Bc1 Kxd4 60.
Nf3+ Kd3 61.Kxh4 Kc2 62.Be3 Rxa3 63.Bxb6 Rxf3 64.Kg4 Rf1 65.Bc5 Kd3 66.Bb6
Ke4 67.Bc5 Rf3 68.Bb4 Rb3 69.Be1 Rb1 70.Bf2 Rb8 71.Bc5 Rg8+ 72.Kh3 Rg5 73.
Bb6 Kf3 74.Kh4 Rg6 75.Bc7 Rc6 76.Bb8 Ra6 77.Kg5 Rc6 78.Kf5 Rc5+ 79.Ke6 Ke4
80.Kd6 Rc7 81.Bxc7 Ke5 1/2-1/2

[Event "Juniorallsvenskan"]
[Site "?"]
[Date "2016.11.25"]
[Round "1.3"]
[White "Bit-Narva, David"]
[Black "Dleir Mohammed, Raz"]
[Result "1-0"]
[WhiteElo "2041"]
[BlackElo "1766"]

1.e4 c5 2.Nf3 g6 3.c3 d5 4.exd5 Qxd5 5.d4 Bg7 6.Be2 Nf6 7.O-O O-O 8.dxc5 
Bf5 9.Qxd5 Nxd5 10.Nd4 Bxb1 11.Rxb1 Nd7 12.Bf3 e6 13.c6 bxc6 14.Nxc6 Ne5 
15.Nxe5 Bxe5 16.c4 Rad8 17.cxd5 exd5 18.Rd1 d4 19.b3 Rd7 20.Be2 Rfd8 21.
Bd3 a5 22.Bd2 Ra8 23.Rdc1 a4 24.bxa4 Bd6 25.a5 f5 26.a6 Ba3 27.Rc6 1-0

[Event "Juniorallsvenskan"]
[Site "?"]
[Date "2016.11.25"]
[Round "1.4"]
[White "Larsson, Gosta"]
[Black "Berglind, Axel"]
[Result "0-1"]
[WhiteElo "1600"]
[BlackElo "1980"]

1.Nf3 c5 2.e4 d6 3.Nc3 Nf6 4.Bb5+ Bd7 5.Bxd7+ Qxd7 6.d3 g6 7.Bg5 Bg7 8.Qd2
h6 9.Be3 b5 10.h3 b4 11.Ne2 Nc6 12.Rb1 a5 13.c3 c4 14.e5 dxe5 15.dxc4 Qf5 
16.O-O Rd8 17.Qc1 Qd3 18.Qd1 Qxc4 19.Qa4 O-O 20.b3 Qxe2 21.Qxc6 Rc8 22.Qb7
bxc3 23.a4 c2 24.Rbe1 Qd3 25.Nxe5 Qd5 26.Qxd5 Nxd5 27.Nc4 Nxe3 28.fxe3 
Rfd8 29.Re2 Rd3 30.Rxc2 Rxb3 31.Rfc1 Rc5 32.Kh2 Rb4 33.Nd2 Rxc2 34.Rxc2 
Rxa4 35.Kg3 Rb4 36.Ra2 Rb2 37.Rxb2 Bxb2 38.Nb3 a4 39.Nc5 a3 40.Nb3 a2 41.
Kf3 e5 42.e4 a1=Q 43.Nxa1 Bxa1 0-1

[Event "Juniorallsvenskan"]
[Site "?"]
[Date "2016.11.25"]
[Round "1.5"]
[White "Zarytovskaya, Margo"]
[Black "Gruesco Cordoba, Santiago"]
[Result "0-1"]
[WhiteElo "1789"]
[BlackElo "2113"]

1.e4 c5 2.Nf3 Nc6 3.d4 cxd4 4.Nxd4 g6 5.Nc3 Bg7 6.Be3 Nf6 7.f3 O-O 8.Qd2 
d5 9.O-O-O dxe4 10.Nxc6 Qxd2+ 11.Rxd2 bxc6 12.Nxe4 Nd5 13.Bg5 h6 14.Bh4 g5
15.Bf2 Bf5 16.Bc4 Nf4 17.g4 Bxe4 18.fxe4 Ng6 19.h3 Rab8 20.c3 Rb7 21.Bc5 
Be5 22.Kc2 Rfb8 23.b3 Bf4 24.Rdd1 a5 25.Rhe1 Ne5 26.Ba6 Rc7 27.Bf1 Kf8 28.
a3 Nd7 29.Be3 Bg3 30.Re2 Bd6 31.h4 a4 32.b4 c5 33.b5 c4 34.hxg5 hxg5 35.b6
Rcb7 36.e5 Nxe5 37.Bg2 Rd7 38.b7 Rc7 39.Ba7 Rbxb7 40.Bxb7 Rxb7 41.Bd4 Nd3 
42.Rb1 Rb3 43.Rg2 Bxa3 44.Rh2 f6 45.Rh8+ Kg7 46.Rhh1 e5 47.Be3 Bb2 48.Bd2 
a3 49.Rh3 a2 50.Rhh1 axb1=Q+ 51.Rxb1 e4 0-1

[Event "Juniorallsvenskan"]
[Site "?"]
[Date "2016.11.25"]
[Round "1.6"]
[White "Carlsson, Ludvig"]
[Black "Pietarinen, Alexaner"]
[Result "1-0"]
[WhiteElo "2043"]
[BlackElo "1596"]

1.e4 c5 2.Nf3 d6 3.d4 cxd4 4.Nxd4 Nf6 5.Nc3 a6 6.a4 e5 7.Nf3 Be6 8.Ng5 Bg4
9.f3 Bh5 10.Be3 h6 11.Nh3 Qa5 12.Bc4 Nxe4 13.Qd5 Nc5 14.Bxc5 Qxc5 15.Qxc5 
dxc5 16.Nd5 Kd8 17.O-O-O Bd6 18.Nb6 Ra7 19.Rxd6+ Kc7 20.Rhd1 Nc6 21.Nd7 
Rd8 22.R6d5 b6 23.Nxe5 Rxd5 24.Rxd5 Nxe5 25.Rxe5 Kd6 26.Rxh5 1-0

[Event "Juniorallsvenskan"]
[Site "?"]
[Date "2016.11.25"]
[Round "1.7"]
[White "Flykt, Gabriel"]
[Black "Bjorkman, Filip"]
[Result "0-1"]
[WhiteElo "1556"]
[BlackElo "1956"]

1.e4 Nf6 2.Nc3 e6 3.d4 d5 4.exd5 exd5 5.Bd3 c5 6.dxc5 Bxc5 7.Bd2 Ng4 8.Nh3
O-O 9.O-O h6 10.Ne2 Nc6 11.Ng3 f5 12.Be2 Nf6 13.c3 Ne4 14.Nxe4 fxe4 15.Nf4
Qd6 16.Be3 d4 17.cxd4 Nxd4 18.Bc4+ Kh7 19.Ne2 Nxe2+ 20.Qxe2 Bf5 21.Rac1 
Bxe3 22.Qxe3 Rfd8 23.Bb3 Qf6 24.Rc2 Rd3 25.Qe2 Rad8 26.Re1 Qg6 27.Kh1 b5 
28.Kg1 a5 29.Rcc1 e3 30.Kh1 exf2 31.Qxf2 Rd2 32.Re2 Qg5 33.Rce1 a4 34.h4 
Rxe2 35.Rxe2 Qg6 36.Bc2 Bxc2 37.Rxc2 Rd1+ 38.Kh2 Qd6+ 39.g3 Rd4 40.Qf5+ 
Qg6 41.Qxg6+ Kxg6 42.Kh3 Rb4 43.a3 Rb3 44.Kg4 b4 45.axb4 Rxb4+ 46.Kh3 Kf5 
47.Re2 g5 48.hxg5 hxg5 49.Rc2 g4+ 50.Kg2 Ke4 51.Rf2 Kd3 52.Kf1 Kc4 53.Ke1 
Kb3 54.Kd1 Rd4+ 55.Kc1 Rd3 56.Rg2 Rf3 57.Kd1 Rf1+ 0-1

[Event "Juniorallsvenskan"]
[Site "?"]
[Date "2016.11.25"]
[Round "1.8"]
[White "Emmoth, Alfons"]
[Black "Jernberg, Christopher"]
[Result "1-0"]
[WhiteElo "1899"]
[BlackElo "1514"]

1.d4 Nf6 2.c4 g6 3.Nc3 Bg7 4.e4 d6 5.Nf3 O-O 6.Be2 e5 7.Bg5 Nc6 8.dxe5 
dxe5 9.Qxd8 Nxd8 10.Bxf6 Bxf6 11.Nd5 Bg7 12.Nxc7 Rb8 13.Rd1 Ne6 14.Nd5 b6 
15.O-O Bb7 16.b4 Rfd8 17.Rfe1 Kf8 18.Nd2 Nd4 19.Bd3 Rbc8 20.Nb3 Nxb3 21.
axb3 b5 22.Bf1 bxc4 23.bxc4 Bh6 24.Ra1 a6 25.Red1 Bg5 26.f3 Rb8 27.Rdb1 
Bd2 28.Ra2 Bxd5 29.Rxd2 Bb7 30.Ra2 Rd4 31.Ra5 Re8 32.b5 axb5 33.Rbxb5 Re7 
34.Rxe5 Rxe5 35.Rxe5 Ba6 36.Rd5 1-0

[Event "Juniorallsvenskan"]
[Site "Linkoping"]
[Date "2016.11.26"]
[Round "2.1"]
[White "Kassani, Sam"]
[Black "Storme, Isak"]
[Result "1/2-1/2"]
[WhiteElo "2144"]
[BlackElo "2184"]

1.c4 c5 2.g3 Nc6 3.Bg2 g6 4.Nc3 Bg7 5.Nf3 d6 6.d3 Nh6 7.Bd2 Nf5 8.Rb1 h5 
9.h3 Nfd4 10.Ng5 Ne6 11.a3 Nxg5 12.Bxg5 Be6 13.Nd5 Qd7 14.Kf1 Rb8 15.Qa4 
a6 16.b4 Bxd5 17.Bxd5 e6 18.Bg2 O-O 19.bxc5 dxc5 20.Bxc6 Qxc6 21.Qxc6 bxc6
22.Kg2 Rfe8 23.Bf4 Rb2 24.Rxb2 Bxb2 25.Rb1 Bxa3 26.Ra1 Bb4 27.Rxa6 e5 28.
Bg5 Re6 29.g4 hxg4 30.hxg4 f5 31.Ra8+ Kg7 32.Ra7+ Kg8 33.Re7 Rxe7 34.Bxe7 
Kf7 35.Bg5 Ke6 36.Kf3 1/2-1/2

[Event "Juniorallsvenskan"]
[Site "Linkoping"]
[Date "2016.11.26"]
[Round "2.2"]
[White "Svorono, Gabriel"]
[Black "Lokander, Martin"]
[Result "1-0"]
[WhiteElo "2082"]
[BlackElo "2314"]

1.e4 e5 2.Nf3 Nc6 3.Bb5 a6 4.Ba4 Nf6 5.O-O Be7 6.Re1 b5 7.Bb3 O-O 8.c3 d6 
9.h3 Rb8 10.d4 exd4 11.cxd4 d5 12.e5 Ne4 13.a3 Bf5 14.Nbd2 Na5 15.Bc2 c5 
16.Nxe4 dxe4 17.d5 exf3 18.Bxf5 fxg2 19.d6 Bg5 20.Qh5 h6 21.Bxg5 Qxg5 22.
Qxg5 hxg5 23.e6 fxe6 24.Bxe6+ Kh7 25.Rad1 Nc6 26.Rd5 Nd4 27.Bg4 Rf4 28.
Kxg2 Rbf8 29.d7 Rxf2+ 30.Kg1 Rd2 31.Re8 Rf3 32.Rh8+ Kxh8 33.d8=Q+ Kh7 34.
Rxd4 Rg3+ 35.Kf1 cxd4 36.Bf5+ g6 37.Qc7+ Kh6 38.Qxg3 gxf5 39.h4 Rxb2 40.
Qxg5+ Kh7 41.Qxf5+ Kg7 42.Qe5+ Kh7 43.Qxd4 Rb1+ 44.Kg2 Re1 45.Qd3+ Kh8 46.
Qc3+ 1-0

[Event "Juniorallsvenskan"]
[Site "Linkoping"]
[Date "2016.11.26"]
[Round "2.3"]
[White "Darnell, Anton"]
[Black "Larsson, Gosta"]
[Result "1-0"]
[WhiteElo "2017"]
[BlackElo "1600"]

1.d4 Nf6 2.Bg5 e6 3.e4 h6 4.Bxf6 Qxf6 5.c3 b6 6.Bd3 c5 7.e5 Qe7 8.a3 Qg5 
9.Be4 Nc6 10.h4 Qe7 11.Nf3 Ba6 12.Qa4 Bb7 13.Nbd2 a6 14.O-O b5 15.Qd1 d6 
16.Re1 d5 17.Bd3 cxd4 18.cxd4 Qd8 19.Rc1 Be7 20.h5 Rc8 21.Nb3 Bg5 22.Rc3 
Be7 23.Rc2 b4 24.a4 O-O 25.Qe2 Qb6 26.Rec1 Rfd8 27.Qe3 Rd7 28.Qf4 Bf8 29.
g4 Qd8 30.Nc5 Bxc5 31.Rxc5 Ne7 32.Rxc8 Bxc8 33.g5 hxg5 34.Qxg5 Nf5 35.
Qxd8+ Rxd8 36.Bxf5 exf5 37.Rc7 Be6 38.Ne1 Rc8 39.Rxc8+ Bxc8 40.a5 Kh7 41.
Nd3 b3 42.Nc5 Kh6 43.Kg2 Kxh5 44.Kg3 g5 45.f4 g4 46.Nxb3 Kg6 47.Nc5 Kg7 
48.b4 Kf8 49.b5 axb5 50.a6 Bxa6 51.Nxa6 Ke7 52.Nc7 f6 53.Nxd5+ Ke6 1-0

[Event "Juniorallsvenskan"]
[Site "Linkoping"]
[Date "2016.11.26"]
[Round "2.4"]
[White "Dleir Mohammed, Raz"]
[Black "Gruter, Martin"]
[Result "0-1"]
[WhiteElo "1766"]
[BlackElo "1846"]

1.d4 f5 2.c4 Nf6 3.Nf3 e6 4.Bf4 d6 5.e3 Be7 6.Bd3 O-O 7.O-O b6 8.Nc3 Bb7 
9.b4 Ne4 10.Bxe4 fxe4 11.Nd2 d5 12.a3 Bd6 13.Bxd6 Qxd6 14.c5 Qe7 15.Nb3 
Nd7 16.a4 Rf5 17.Qc2 bxc5 18.bxc5 Ba6 19.Rfd1 Qh4 20.Ra2 Bd3 21.Qd2 Bc4 
22.Rb2 Raf8 23.Na5 Rh5 24.h3 Rf3 25.Nxc4 Rxh3 26.Kf1 Rh1+ 27.Ke2 Qg4+ 28.
f3 Qxg2# 0-1

[Event "Juniorallsvenskan"]
[Site "Linkoping"]
[Date "2016.11.26"]
[Round "2.5"]
[White "Gruesco Cordoba, Santiago"]
[Black "Morling, Joakim"]
[Result "1-0"]
[WhiteElo "2113"]
[BlackElo "2127"]

1.e4 e6 2.d3 d5 3.Nd2 Nf6 4.Ngf3 c5 5.g3 g6 6.Bg2 Bg7 7.O-O O-O 8.Re1 Nc6 
9.c3 Qc7 10.Nf1 b6 11.Bf4 Qe7 12.e5 Ng4 13.h3 g5 14.Bxg5 f6 15.exf6 Nxf6 
16.Qd2 Qf7 17.Bh6 Bd7 18.Ne5 Nxe5 19.Rxe5 Bxh6 20.Qxh6 Kh8 21.Qe3 Rae8 22.
Re1 Ng8 23.Qe2 Ne7 24.Ne3 Ng6 25.Rh5 Ne7 26.Rh6 e5 27.c4 dxc4 28.Nxc4 Nf5 
29.Nd6 Nxd6 30.Rxd6 Bf5 31.Rd5 e4 32.dxe4 Be6 33.Rd2 Bxa2 34.f4 Bc4 35.Qg4
Rg8 36.Qf3 Qg7 37.Kh2 Rd8 38.Red1 Rd4 39.e5 Bd5 40.Qf2 Rxd2 41.Rxd2 Bxg2 
42.Qxg2 c4 43.e6 c3 44.bxc3 Qxc3 45.e7 Qf6 46.Qe4 Re8 47.Rd7 Kg7 48.Rxa7 
Qb2+ 49.Qg2 Qd4 50.Qe2 b5 51.Ra5 b4 52.Rg5+ Kf6 53.Qa6+ Kf7 54.Qa2+ Kxe7 
55.Re5+ Kf8 56.Rf5+ Ke7 57.Qf7+ Kd6 58.Rf6+ Kc5 59.Qc7+ Kb5 60.Qc6+ Ka5 
61.Qa6# 1-0

[Event "Juniorallsvenskan"]
[Site "Linkoping"]
[Date "2016.11.26"]
[Round "2.6"]
[White "Astrom, Lars"]
[Black "Carlsson, Ludvig"]
[Result "1-0"]
[WhiteElo "2132"]
[BlackElo "2043"]

1.e4 c5 2.c3 e6 3.d4 d5 4.exd5 exd5 5.Nf3 Nc6 6.Bb5 Bg4 7.Qa4 Bd7 8.O-O 
cxd4 9.Nxd4 Nxd4 10.Bxd7+ Qxd7 11.Qxd4 Nf6 12.Bg5 Be7 13.Nd2 O-O 14.Nf3 h6
15.Bh4 b6 16.Rad1 Rad8 17.Rfe1 Rfe8 18.Qd3 Qg4 19.Bxf6 Bxf6 20.Rxe8+ Rxe8 
21.h3 Qa4 22.a3 Rd8 23.Nd4 a6 24.g3 b5 25.Rd2 Bxd4 26.Qxd4 Qxd4 27.Rxd4 f6
28.Kf1 Kf7 29.Ke2 Ke6 30.a4 Rb8 31.a5 Kd6 32.b4 Re8+ 33.Kd2 Re5 34.h4 Re4 
35.Rd3 Re7 36.f3 Re8 37.Rd4 Rc8 38.Rd3 Rc4 39.Ke3 Ke5 40.f4+ Ke6 41.Kf3 d4
42.Rxd4 Rxc3+ 43.Kf2 Rc6 44.Kf3 h5 45.Ke4 g6 46.Kd3 Rc1 47.Re4+ Kf5 48.Re8
Rc4 49.Ra8 Rxb4 50.Rxa6 Ra4 51.Ke3 g5 52.fxg5 fxg5 53.hxg5 Kxg5 54.Kf3 Kf5
55.Ra8 Ra3+ 56.Kf2 Ke4 57.a6 Ra2+ 58.Kg1 Kd5 59.a7 Kc6 60.Rc8+ Kb7 61.Rb8+
Kxa7 62.Rxb5 Ka6 63.Rxh5 Kb6 64.Rh2 Ra5 65.Rc2 Rc5 66.Rxc5 Kxc5 67.Kg2 Kd5
68.Kh3 Ke6 69.Kh4 Kf7 70.Kh5 Kg7 71.Kg5 Kh7 72.Kf6 Kh6 73.g4 Kh7 74.g5 Kg8
75.Kg6 1-0

[Event "Juniorallsvenskan"]
[Site "Linkoping"]
[Date "2016.11.26"]
[Round "2.7"]
[White "Emmoth, Alfons"]
[Black "Ollen, Martin"]
[Result "0-1"]
[WhiteElo "1899"]
[BlackElo "2065"]

1.d4 Nf6 2.c4 g6 3.Nc3 Bg7 4.e4 d6 5.Nf3 O-O 6.Be2 e5 7.O-O Nc6 8.d5 Ne7 
9.Ne1 Nd7 10.Nd3 f5 11.Bd2 Nf6 12.f3 f4 13.c5 g5 14.Rc1 Ng6 15.Nb5 a6 16.
Na3 g4 17.Qe1 g3 18.hxg3 Nh5 19.gxf4 exf4 20.Nc2 Ng3 21.Bc3 Bxc3 22.bxc3 
Qh4 23.Nd4 dxc5 24.Nxc5 Ne5 25.Nce6 Bxe6 26.Nxe6 Rf6 27.Nxc7 Rg6 28.Qd2 
Ng4 29.fxg4 Qh1+ 30.Kf2 Nxe4+ 31.Ke1 Qh4+ 32.Kd1 Nxd2 33.Kxd2 Rd8 34.Kc2 
Qe7 35.Ne6 Rxd5 36.Nxf4 Qe4+ 37.Kb2 Rd2+ 38.Ka1 Qa4 0-1

[Event "Juniorallsvenskan"]
[Site "Linkoping"]
[Date "2016.11.26"]
[Round "2.8"]
[White "Liedbeck, Patrick"]
[Black "Bjorkman, Filip"]
[Result "1/2-1/2"]
[WhiteElo "1976"]
[BlackElo "1956"]

1.c4 Nf6 2.g3 e6 3.Bg2 d5 4.Nf3 Be7 5.O-O O-O 6.b3 c5 7.d3 Nc6 8.Bb2 Rb8 
9.Ne5 Nxe5 10.Bxe5 Bd6 11.Bxd6 Qxd6 12.Nc3 a6 13.Qc2 Bd7 14.e3 Rfc8 15.
Rad1 b5 16.Rfe1 Bc6 17.e4 Qd7 18.e5 Ne8 19.Qe2 bxc4 20.bxc4 d4 21.Ne4 Bxe4
22.Bxe4 g6 23.Qc2 Rb6 24.Rb1 Rcb8 25.Rb3 Rxb3 26.axb3 Qc7 27.f4 Qa5 28.Rc1
Qb6 29.Ra1 Nc7 30.Rb1 Qa5 31.Kf1 Rb4 32.Bc6 Qb6 33.Ba4 Kg7 34.Re1 Qb7 35.
Qg2 Qxg2+ 36.Kxg2 Na8 37.Bc6 Nb6 38.Ra1 Rxb3 39.Rxa6 Rb2+ 40.Kg1 Rb1+ 41.
Kf2 Rb2+ 42.Kg1 Rb3 43.Be4 Rb4 44.Ra5 Nxc4 45.dxc4 Rxc4 46.Kf2 Rc3 47.Ra2 
d3 48.Ke3 c4 49.Rd2 Rc1 50.Bxd3 cxd3 51.Kxd3 Rh1 52.Ke4 h5 53.Kf3 Ra1 54.
Ke4 Ra4+ 55.Kf3 Rc4 56.Re2 Rc1 57.h3 Rh1 58.Kg2 Ra1 59.Kf3 Ra3+ 60.Re3 Ra5
61.g4 hxg4+ 62.hxg4 Rd5 63.g5 Rd1 64.Rb3 Rf1+ 65.Ke4 Rd1 66.Rb8 1/2-1/2

[Event "Juniorallsvenskan"]
[Site "Linkoping"]
[Date "2016.11.26"]
[Round "3.1"]
[White "Svorono, Gabriel"]
[Black "Gruesco Cordoba, Santiago"]
[Result "0-1"]
[WhiteElo "2082"]
[BlackElo "2113"]

1.e4 c5 2.Nf3 d6 3.d4 cxd4 4.Nxd4 Nf6 5.Nc3 a6 6.h3 e5 7.Nde2 Be6 8.g4 Nc6
9.Bg2 Be7 10.Ng3 O-O 11.Nf5 b5 12.O-O Rc8 13.Nxe7+ Qxe7 14.Nd5 Bxd5 15.
exd5 Na5 16.a4 b4 17.f4 Qa7+ 18.Kh1 Qc5 19.fxe5 dxe5 20.Bg5 Nd7 21.Be4 h6 
22.Bh4 Nc4 23.Bf2 Qc7 24.b3 Nd6 25.Bd3 Qa5 26.Qf3 Nf6 27.Bg3 e4 28.Qf4 
exd3 29.Qxd6 dxc2 30.Bf4 Rfd8 0-1

[Event "Juniorallsvenskan"]
[Site "Linkoping"]
[Date "2016.11.26"]
[Round "3.2"]
[White "Carlsson, Ludvig"]
[Black "Storme, Isak"]
[Result "1/2-1/2"]
[WhiteElo "2043"]
[BlackElo "2184"]

1.e4 c5 2.Nc3 Nc6 3.f4 g6 4.Nf3 Bg7 5.Bb5 Nd4 6.O-O Nxb5 7.Nxb5 d5 8.exd5 
a6 9.Nc3 Nf6 10.d4 Nxd5 11.dxc5 Nxc3 12.Qxd8+ Kxd8 13.bxc3 Bxc3 14.Rb1 Kc7
15.Rb3 Bf6 16.Bd2 Be6 17.Ba5+ Kc6 18.Rb6+ Kxc5 19.Nd2 Bc4 20.Rd1 Bd4+ 21.
Kh1 Bxa2 22.Ne4+ Kd5 23.Nc3+ Kc4 24.Nxa2 Bxb6 25.Bxb6 Kb5 26.Rb1+ Kc6 27.
c4 Rhe8 28.Nc3 Rab8 29.c5 e5 30.Rd1 Re6 31.fxe5 f6 32.exf6 Rxf6 33.h3 Rbf8
34.Kh2 Re6 35.Nd5 Re2 36.Nc3 Re6 37.Rd2 Ref6 38.h4 h5 39.Kh3 Re8 40.g3 Re5
41.Rd8 Re1 42.Rd2 Rc1 43.Rd3 a5 44.Ne2 Rh1+ 45.Kg2 Ra1 46.Nd4+ Kd5 47.Nc2+
Kc4 48.Rd4+ Kc3 49.Nxa1 Kxd4 50.Nb3+ Kd5 51.Nxa5 Rf7 52.g4 Rf4 53.Nxb7 
Rxg4+ 54.Kh3 g5 55.hxg5 Rxg5 56.Kh4 Rg6 57.Na5 Rh6 58.Kg5 Rh8 59.c6 h4 60.
Bf2 h3 61.Bg3 h2 62.Bxh2 Rxh2 63.Kf6 Ra2 64.Ke7 Rxa5 65.Kd7 Ra1 66.c7 Rh1 
67.c8=Q Rh7+ 68.Kd8 Rh8+ 69.Kc7 Rxc8+ 70.Kxc8 1/2-1/2

[Event "Juniorallsvenskan"]
[Site "Linkoping"]
[Date "2016.11.26"]
[Round "3.3"]
[White "Dleir Mohammed, Raz"]
[Black "Bjorkman, Filip"]
[Result "0-1"]
[WhiteElo "1766"]
[BlackElo "1956"]

1.e4 Nf6 2.e5 Nd5 3.Bc4 e6 4.Nc3 Nxc3 5.bxc3 d5 6.Bb3 c5 7.c4 dxc4 8.Bxc4 
Qd4 9.Bb5+ Bd7 10.Bxd7+ Nxd7 11.Rb1 Qxe5+ 12.Ne2 Qd5 13.O-O Bd6 14.Nc3 Qc6
15.Nb5 Be7 16.Bb2 Bf6 17.Bxf6 Nxf6 18.Qe2 O-O 19.Na3 a6 20.Nc4 b5 21.Ne5 
Qd6 22.Rb2 Rfd8 23.c4 b4 24.Nf3 a5 25.Rd1 Qd3 26.Qxd3 Rxd3 27.Ne5 Rd4 28.
d3 Ra6 29.Nf3 Rd8 30.Re2 Rad6 31.d4 Nd7 32.Red2 cxd4 33.Rxd4 Rxd4 34.Rxd4 
Kf8 35.c5 Ke7 36.c6 Nb6 37.c7 Rxd4 38.Nxd4 Kd7 39.c8=Q+ Nxc8 40.Kf1 Kd6 
41.Ke2 Kc5 42.Nb3+ Kb5 43.Kd3 a4 44.Nd4+ Kc5 45.Nf3 Nd6 46.Ne5 h6 47.f3 
Kd5 48.Nd7 Nc4 49.Nb8 Ne5+ 50.Kc2 Kc4 51.f4 b3+ 52.axb3+ axb3+ 53.Kb2 Nd3+
54.Kb1 Nxf4 55.g3 Nd3 56.Nc6 e5 57.Na5+ Kc3 0-1

[Event "Juniorallsvenskan"]
[Site "Linkoping"]
[Date "2016.11.26"]
[Round "3.4"]
[White "Emmoth, Alfons"]
[Black "Larsson, Gosta"]
[Result "1-0"]
[WhiteElo "1899"]
[BlackElo "1600"]

1.d4 Nf6 2.c4 e6 3.Nf3 Bb4+ 4.Bd2 Bxd2+ 5.Qxd2 b6 6.g3 O-O 7.Bg2 Bb7 8.O-O
Qe7 9.Nc3 d5 10.cxd5 exd5 11.Rac1 Nbd7 12.Rfd1 Rac8 13.e3 a5 14.Qe1 Rfd8 
15.Bh3 Rb8 16.Ne2 c6 17.a3 h6 18.Bf1 Ne4 19.Nf4 Ndf6 20.Nd3 Qe6 21.Rc2 
Rbc8 22.Rdc1 Rc7 23.Nfe5 Rd6 24.Nf4 Qe8 25.h4 Nd7 26.Ned3 Ba6 27.b4 a4 28.
Qd1 Bc4 29.Rxc4 dxc4 30.Rxc4 b5 31.Rc2 Qd8 32.Qc1 f5 33.Ne1 Ndf6 34.Bxb5 
g5 35.Bc4+ Nd5 36.Nxd5 cxd5 37.Bxd5+ Rxd5 38.Rxc7 Nd6 39.Qc6 Rb5 40.Rd7 
Qb6 41.Qa8+ Qb8 42.Rd8+ Qxd8 43.Qxd8+ Kg7 44.Qxd6 1-0

[Event "Juniorallsvenskan"]
[Site "Linkoping"]
[Date "2016.11.26"]
[Round "3.5"]
[White "Crevatin, Leo"]
[Black "Lokander, Martin"]
[Result "0-1"]
[WhiteElo "2057"]
[BlackElo "2314"]

1.d4 c5 2.c3 Qc7 3.g3 Nf6 4.Bg2 g6 5.Nf3 Bg7 6.O-O O-O 7.Re1 d5 8.Bf4 Qb6 
9.Qb3 Nc6 10.Qxb6 axb6 11.Rd1 Bf5 12.Na3 c4 13.Nh4 Bg4 14.Bf3 Bxf3 15.Nxf3
Nd7 16.e4 e6 17.e5 Ra5 18.Nc2 Rfa8 19.a3 Bf8 20.Re1 b5 21.Rab1 Nb6 22.Bd2 
Na4 23.Kg2 R5a6 24.Be3 h6 25.Re2 Na5 26.Nd2 Rc8 27.h4 Kh7 28.f4 h5 29.Kf2 
Nc6 30.Kg2 Ne7 31.Bf2 Nf5 32.Nf1 Be7 33.Nfe3 Nh6 34.Rd2 Rd8 35.Kf3 Kg7 36.
Be1 Raa8 37.Kg2 Kf8 38.Kf3 Ke8 39.Rg2 Kd7 40.Bd2 Kc7 41.Rgg1 Rh8 42.Rg2 
Bf8 43.Re2 Ng8 44.Be1 Ne7 45.Nf1 Nc6 46.Nfe3 Na5 47.Nf1 Be7 48.Nd2 Kd7 49.
Nf1 Nb6 50.Nd2 Nc8 51.Nf1 Bd8 52.Kg2 Ne7 53.Nfe3 Nb3 54.Na1 Na5 55.Nac2 
Nec6 56.Na1 Be7 57.Bf2 Kc7 58.Nec2 Kb6 59.Ne1 Ka6 60.Kf3 Nb8 61.Kg2 Nd7 
62.Kf3 Nb6 63.Ng2 Na4 64.Be1 Kb6 65.Ne3 Kc6 66.Kg2 Kd7 67.Kf3 Nc6 68.Nac2 
Nb6 69.Bd2 Rh7 70.Rbe1 Na4 71.Bc1 Na5 72.Nd1 Nb3 73.Be3 Rhh8 74.Bg1 Nc1 
75.Rd2 Nd3 76.Rf1 Ndxb2 77.Nxb2 Nxb2 78.Rb1 Na4 79.Rxb5 Kc6 0-1

[Event "Juniorallsvenskan"]
[Site "Linkoping"]
[Date "2016.11.26"]
[Round "3.6"]
[White "Kassani, Sam"]
[Black "Tuomainen, Felix"]
[Result "1/2-1/2"]
[WhiteElo "2144"]
[BlackElo "2172"]

1.Nf3 d5 2.d4 Nf6 3.c4 e6 4.e3 Be7 5.Nc3 O-O 6.Be2 b6 7.O-O Bb7 8.b3 Nbd7 
9.Bb2 c5 10.cxd5 Nxd5 11.Nxd5 Bxd5 12.Rc1 Bf6 13.Ba3 Be7 14.Qc2 cxd4 15.
Bxe7 Qxe7 16.Nxd4 Nf6 17.Nb5 Be4 18.Qc7 Qxc7 19.Rxc7 a6 20.Nd6 Bg6 21.Rfc1
a5 22.Bf3 Rab8 23.a4 Rfd8 24.Nb7 Re8 25.Nd6 Red8 26.Nb7 1/2-1/2

[Event "Juniorallsvenskan"]
[Site "Linkoping"]
[Date "2016.11.26"]
[Round "3.7"]
[White "Berglind, Axel"]
[Black "Darnell, Anton"]
[Result "1-0"]
[WhiteElo "1980"]
[BlackElo "2017"]

1.c4 Nf6 2.Nf3 e6 3.g3 d5 4.Bg2 Be7 5.O-O O-O 6.d4 dxc4 7.Qc2 a6 8.Qxc4 b5
9.Qc2 Bb7 10.Bd2 Be4 11.Qc1 Bb7 12.Rd1 Bd6 13.Nc3 Nbd7 14.Bf4 Qe7 15.Ne5 
Bxg2 16.Kxg2 Nb8 17.Nd3 Nbd7 18.Qe3 Rac8 19.Rac1 h6 20.a4 Bxf4 21.Qxf4 b4 
22.Ne4 Nxe4 23.Qxe4 Nf6 24.Qc6 a5 25.Rc5 Qd6 26.Qxd6 cxd6 27.Rxa5 Rc2 28.
Kf3 Rfc8 29.Rb5 R8c4 30.e3 b3 31.Ra1 Rd2 32.Rxb3 Rcc2 33.Rc1 Rxf2+ 34.Nxf2
Rxc1 35.a5 Rc8 36.Ne4 Ne8 37.Rb6 Rd8 38.a6 Kf8 39.a7 Ra8 40.Rb8 Rxa7 41.
Nxd6 Re7 42.Ke4 1-0

[Event "Juniorallsvenskan"]
[Site "Linkoping"]
[Date "2016.11.26"]
[Round "3.8"]
[White "Gruter, Martin"]
[Black "Bit-Narva, David"]
[Result "0-1"]
[WhiteElo "1846"]
[BlackElo "2041"]

1.d4 d6 2.e4 g6 3.Nf3 Bg7 4.c4 Nf6 5.Nc3 O-O 6.Be2 Nbd7 7.O-O e5 8.dxe5 
dxe5 9.Bg5 c6 10.Qc2 Qc7 11.Rac1 Nc5 12.Bxf6 Bxf6 13.Nd5 Qd8 14.Nxf6+ Qxf6
15.Rfd1 Bg4 16.Ne1 Bxe2 17.Qxe2 Rfd8 18.Nf3 Qf4 19.g3 Qg4 20.Qe3 Qxe4 21.
Rxd8+ Rxd8 22.Qxc5 Qxf3 23.Qxe5 Rd2 24.Rf1 Qe2 25.Qb8+ Kg7 26.Qxa7 Rxb2 
27.Qd4+ Kg8 28.Qd8+ Kg7 29.Qd4+ f6 30.Rd1 Rxa2 31.Qd7+ Kh6 32.Qd4 Qf3 33.
c5 Rxf2 34.Qxf2 Qxd1+ 35.Kg2 Qd5+ 36.Kg1 f5 37.Qe3+ Kg7 38.Qe7+ Qf7 39.
Qe5+ Qf6 40.Qc7+ Kh6 41.Qd6 Qa1+ 42.Kg2 Qb2+ 43.Kg1 Qb1+ 44.Kg2 Qe4+ 45.
Kf2 Kg7 46.Qc7+ Kf6 47.Qd6+ Kf7 48.Qd7+ Qe7 49.Qd4 Qe6 50.Qb4 Qd7 51.Qc4+ 
Ke7 52.Qc3 Kd8 53.Qh8+ Kc7 54.Qe5+ Kc8 55.Qh8+ Qd8 56.Qb2 b6 57.cxb6 Kb7 
58.Qg7+ Kxb6 59.Qb2+ Ka6 60.Kg2 c5 61.Qa2+ Qa5 62.Qc4+ Qb5 63.Qa2+ Kb6 64.
Kh3 c4 65.Qa1 Qc6 66.Qd4+ Qc5 67.Qb2+ Ka5 68.Qa1+ Kb5 69.Qb2+ Qb4 70.Qe5+ 
Ka4 71.Qa1+ Qa3 72.Qd4 Qd3 73.Qa7+ Kb3 74.Qxh7 c3 75.Qxg6 c2 76.Qb6+ Ka2 
77.Qa5+ Kb1 78.Qb4+ Kc1 79.Qe1+ Qd1 80.Qc3 Qg4+ 81.Kg2 Qe4+ 82.Kh3 Kd1 83.
Qb3 Kd2 84.Qb2 Qc4 85.Qb6 c1=Q 86.Qf2+ Qe2 87.Qd4+ Ke1 88.Qb4+ Kf1 0-1

[Event "Juniorallsvenskan"]
[Site "Linkoping"]
[Date "2016.11.27"]
[Round "4.1"]
[White "Gruesco Cordoba, Santiago"]
[Black "Lokander, Martin"]
[Result "1/2-1/2"]
[WhiteElo "2113"]
[BlackElo "2314"]

1.e4 e6 2.d4 d5 3.Nc3 Bb4 4.e5 c5 5.a3 Ba5 6.b4 cxd4 7.Nb5 Bc7 8.Nf3 Nc6 
9.Bf4 Nge7 10.Nbxd4 Ng6 11.Nxc6 bxc6 12.Bg3 f6 13.Bd3 O-O 14.Bxg6 hxg6 15.
Qd4 a5 16.O-O f5 1/2-1/2

[Event "Juniorallsvenskan"]
[Site "Linkoping"]
[Date "2016.11.27"]
[Round "4.2"]
[White "Kassani, Sam"]
[Black "Carlsson, Ludvig"]
[Result "1-0"]
[WhiteElo "2144"]
[BlackElo "2043"]

1.Nf3 Nf6 2.d4 g6 3.Bf4 Bg7 4.e3 O-O 5.h3 d6 6.Be2 b6 7.O-O Bb7 8.Nbd2 
Nbd7 9.a4 a6 10.c3 c5 11.Re1 Re8 12.Bh2 Ne4 13.Nxe4 Bxe4 14.Qb3 e5 15.Nd2 
Bc6 16.d5 Bb7 17.e4 f5 18.Nc4 Qc7 19.exf5 gxf5 20.Ne3 f4 21.Nf5 Nf6 22.
Nxg7 Qxg7 23.c4 Rab8 24.Ra3 Kh8 25.Qc2 Rg8 26.Bf1 Bc8 27.Kh1 a5 28.g3 Nh5 
29.gxf4 Nxf4 30.Rg3 Qh6 31.Rxg8+ Kxg8 32.Bxf4 Qxf4 33.Re3 Bf5 34.Bd3 Bxd3 
35.Rxd3 Rf8 36.Rg3+ Kh8 37.Kg2 Rf5 38.Qe2 h6 39.Rg4 Rg5 40.Qf3 Rxg4+ 41.
Qxg4 Qg5 42.Kg3 Kg7 43.h4 Qg6 44.h5 Qxg4+ 45.Kxg4 Kf6 46.b3 Kg7 47.Kf5 Kf7
48.f3 Kf8 49.Kf6 1-0